Normal view
MARC view
- Holder, Leonard.I
Entry Personal Name
001 - CONTROL NUMBER
- control field: 77430
003 - CONTROL NUMBER IDENTIFIER
- control field: NUST
005 - DATE AND TIME OF LATEST TRANSACTION
- control field: 20210628205913.0
008 - FIXED-LENGTH DATA ELEMENTS
- fixed length control field: 210628|| aca||aabn | a|a d
040 ## - CATALOGING SOURCE
- Original cataloging agency: NUST
- Transcribing agency: NUST
100 ## - HEADING--PERSONAL NAME
- Personal name: Holder, Leonard.I
670 ## - SOURCE DATA FOUND
- Source citation: Work cat.: (NUST): Holder, Leonard.I, A primer for calculus, 1978
